<?xml version="1.0" encoding="UTF-8"?>
<record
    xmlns:xsi="http://www.w3.org/2001/XMLSchema-instance"
    xsi:schemaLocation="http://www.loc.gov/MARC21/slim http://www.loc.gov/standards/marcxml/schema/MARC21slim.xsd"
    xmlns="http://www.loc.gov/MARC21/slim">

  <leader>01510nam0a2200289   4500</leader>
  <controlfield tag="001">RU\NLR\bibl\540085</controlfield>
  <controlfield tag="005">20260406010240.0</controlfield>
  <datafield tag="010" ind1=" " ind2=" ">
    <subfield code="a">5-94457-113-6</subfield>
  </datafield>
  <datafield tag="035" ind1=" " ind2=" ">
    <subfield code="a">(NLR Aleph) 000532334</subfield>
  </datafield>
  <datafield tag="090" ind1=" " ind2=" ">
    <subfield code="a">1361037</subfield>
    <subfield code="c">1361037</subfield>
  </datafield>
  <datafield tag="100" ind1=" " ind2=" ">
    <subfield code="a">20040714d2003    |||y0rusy50      ca</subfield>
  </datafield>
  <datafield tag="101" ind1="0" ind2=" ">
    <subfield code="a">rus</subfield>
  </datafield>
  <datafield tag="102" ind1=" " ind2=" ">
    <subfield code="a">RU</subfield>
  </datafield>
  <datafield tag="105" ind1=" " ind2=" ">
    <subfield code="a">y   |||||||||</subfield>
  </datafield>
  <datafield tag="200" ind1="1" ind2=" ">
    <subfield code="a">&#x423;&#x43A;&#x430;&#x437;&#x430;&#x442;&#x435;&#x43B;&#x438; &#x43A; &#x438;&#x437;&#x434;&#x430;&#x43D;&#x438;&#x44E; &#x418;.&#x415;. &#x417;&#x430;&#x431;&#x435;&#x43B;&#x438;&#x43D;&#x430; "&#x414;&#x43E;&#x43C;&#x430;&#x448;&#x43D;&#x438;&#x439; &#x431;&#x44B;&#x442; &#x440;&#x443;&#x441;&#x441;&#x43A;&#x438;&#x445; &#x446;&#x430;&#x440;&#x435;&#x439; &#x438; &#x446;&#x430;&#x440;&#x438;&#x446; &#x432; XVI &#x438; XVII &#x441;&#x442;&#x43E;&#x43B;&#x435;&#x442;&#x438;&#x44F;&#x445;". &#x422;&#x43E;&#x43C;&#x430; I (&#x447;&#x430;&#x441;&#x442;&#x438; 1 &#x438; 2), II</subfield>
    <subfield code="f">[&#x421;&#x43E;&#x441;&#x442;. &#x410;.&#x412;. &#x41B;&#x430;&#x432;&#x440;&#x435;&#x43D;&#x442;&#x44C;&#x435;&#x432;]</subfield>
  </datafield>
  <datafield tag="210" ind1=" " ind2=" ">
    <subfield code="a">&#x41C;.</subfield>
    <subfield code="c">&#x42F;&#x437;. &#x441;&#x43B;&#x430;&#x432;. &#x43A;&#x443;&#x43B;&#x44C;&#x442;&#x443;&#x440;&#x44B;</subfield>
    <subfield code="a">&#x41A;&#x43E;&#x448;&#x435;&#x43B;&#x435;&#x432;</subfield>
    <subfield code="d">2003</subfield>
  </datafield>
  <datafield tag="215" ind1=" " ind2=" ">
    <subfield code="a">111 &#x441;.</subfield>
    <subfield code="d">22</subfield>
  </datafield>
  <datafield tag="604" ind1=" " ind2=" ">
    <subfield code="1">700#1$a&#x417;&#x430;&#x431;&#x435;&#x43B;&#x438;&#x43D;$b&#x418;. &#x415;.$f1820-1908$g&#x418;&#x432;&#x430;&#x43D; &#x415;&#x433;&#x43E;&#x440;&#x43E;&#x432;&#x438;&#x447;$4070</subfield>
    <subfield code="1">5011#$a&#x414;&#x43E;&#x43C;&#x430;&#x448;&#x43D;&#x438;&#x439; &#x431;&#x44B;&#x442; &#x440;&#x443;&#x441;&#x441;&#x43A;&#x438;&#x445; &#x446;&#x430;&#x440;&#x435;&#x439; &#x438; &#x446;&#x430;&#x440;&#x438;&#x446; &#x432; XVI &#x438; XVII &#x441;&#x442;&#x43E;&#x43B;&#x435;&#x442;&#x438;&#x44F;&#x445;$2psbo</subfield>
    <subfield code="a">&#x417;&#x430;&#x431;&#x435;&#x43B;&#x438;&#x43D;, &#x418;&#x432;&#x430;&#x43D; &#x415;&#x433;&#x43E;&#x440;&#x43E;&#x432;&#x438;&#x447; (1820-1908)</subfield>
    <subfield code="t">&#x414;&#x43E;&#x43C;&#x430;&#x448;&#x43D;&#x438;&#x439; &#x431;&#x44B;&#x442; &#x440;&#x443;&#x441;&#x441;&#x43A;&#x438;&#x445; &#x446;&#x430;&#x440;&#x435;&#x439; &#x438; &#x446;&#x430;&#x440;&#x438;&#x446; &#x432; XVI &#x438; XVII &#x441;&#x442;&#x43E;&#x43B;&#x435;&#x442;&#x438;&#x44F;&#x445;</subfield>
  </datafield>
  <datafield tag="606" ind1="0" ind2=" ">
    <subfield code="a">&#x41F;&#x440;&#x438;&#x434;&#x432;&#x43E;&#x440;&#x43D;&#x44B;&#x439; &#x431;&#x44B;&#x442;</subfield>
    <subfield code="j">&#x423;&#x43A;&#x430;&#x437;&#x430;&#x442;&#x435;&#x43B;&#x438;</subfield>
    <subfield code="y">&#x420;&#x43E;&#x441;&#x441;&#x438;&#x44F;</subfield>
    <subfield code="z">16 - 17 &#x432;&#x432;.</subfield>
    <subfield code="9">2079196</subfield>
    <subfield code="3">RU\NLR\auth\661255071</subfield>
  </datafield>
  <datafield tag="686" ind1=" " ind2=" ">
    <subfield code="a">&#x422;3(2)44&#x44F;2</subfield>
  </datafield>
  <datafield tag="686" ind1=" " ind2=" ">
    <subfield code="a">&#x422;3(2)461&#x44F;2</subfield>
  </datafield>
  <datafield tag="702" ind1=" " ind2="1">
    <subfield code="4">220</subfield>
    <subfield code="8">rus</subfield>
    <subfield code="7">ca</subfield>
    <subfield code="a">&#x41B;&#x430;&#x432;&#x440;&#x435;&#x43D;&#x442;&#x44C;&#x435;&#x432;</subfield>
    <subfield code="b">&#x410;. &#x412;.</subfield>
    <subfield code="c">&#x43A;&#x430;&#x43D;&#x434;. &#x438;&#x441;&#x442;. &#x43D;&#x430;&#x443;&#x43A;</subfield>
    <subfield code="g">&#x410;&#x43B;&#x435;&#x43A;&#x441;&#x430;&#x43D;&#x434;&#x440; &#x412;&#x43B;&#x430;&#x434;&#x438;&#x43C;&#x438;&#x440;&#x43E;&#x432;&#x438;&#x447;</subfield>
    <subfield code="3">RU\NLR\auth\77115720</subfield>
    <subfield code="9">98645</subfield>
  </datafield>
  <datafield tag="801" ind1=" " ind2="0">
    <subfield code="a">RU</subfield>
    <subfield code="b">NLR</subfield>
    <subfield code="c">20040714</subfield>
    <subfield code="g">PSBO</subfield>
  </datafield>
  <datafield tag="801" ind1=" " ind2="1">
    <subfield code="a">RU</subfield>
    <subfield code="b">NLR</subfield>
    <subfield code="c">20040714</subfield>
  </datafield>
  <datafield tag="942" ind1=" " ind2=" ">
    <subfield code="c">BOOK</subfield>
  </datafield>
  <datafield tag="980" ind1=" " ind2=" ">
    <subfield code="a">NB</subfield>
  </datafield>
  <datafield tag="995" ind1=" " ind2=" ">
    <subfield code="5">2004-07-14</subfield>
    <subfield code="a">aa</subfield>
    <subfield code="b">NLR01</subfield>
    <subfield code="c">NLR01</subfield>
    <subfield code="e">RF8</subfield>
    <subfield code="f">1-1869531</subfield>
    <subfield code="k">2001-5/55</subfield>
    <subfield code="o">0</subfield>
    <subfield code="p">100.00</subfield>
    <subfield code="r">BOOK</subfield>
    <subfield code="s">2001555_</subfield>
  </datafield>
  <datafield tag="995" ind1=" " ind2=" ">
    <subfield code="5">2004-07-14</subfield>
    <subfield code="a">aa</subfield>
    <subfield code="b">NLR01</subfield>
    <subfield code="c">NLR01</subfield>
    <subfield code="e">OZ1</subfield>
    <subfield code="f">1-424960</subfield>
    <subfield code="k">&#x421;1 &#x422;3(2)45/&#x417;-122</subfield>
    <subfield code="o">0</subfield>
    <subfield code="p">100.00</subfield>
    <subfield code="r">BOOK</subfield>
    <subfield code="s">1_3245122</subfield>
  </datafield>
  <datafield tag="995" ind1=" " ind2=" ">
    <subfield code="5">2004-07-14</subfield>
    <subfield code="a">az</subfield>
    <subfield code="b">NLR03</subfield>
    <subfield code="c">NLR03</subfield>
    <subfield code="e">UJZ</subfield>
    <subfield code="f">724498</subfield>
    <subfield code="o">0</subfield>
    <subfield code="r">BOOK</subfield>
  </datafield>
  <datafield tag="995" ind1=" " ind2=" ">
    <subfield code="5">2017-12-06</subfield>
    <subfield code="b">NLR01</subfield>
    <subfield code="c">NLR01</subfield>
    <subfield code="e">RF8</subfield>
    <subfield code="f">1-2013895</subfield>
    <subfield code="k">2001-5/55</subfield>
    <subfield code="o">0</subfield>
    <subfield code="r">BOOK</subfield>
    <subfield code="s">2001555_</subfield>
  </datafield>
</record>
